000 00201 a2200097 4500
001 46688
100 _aBison
245 _aMedieval warfare
260 _aLondon
_bBison books
_c
090 _c29786
_d29786
942 _aNUST-CAE
_cM
_c21986
999 _c281761
_d281761